|
|
|
|
| LEADER |
01235cam a2200325 7i4500 |
| 001 |
0000038334 |
| 005 |
20210624090000.0 |
| 020 |
|
|
|a 159253421X (pbk.)
|
| 020 |
|
|
|a 9781592537068 (pbk.)
|
| 020 |
|
|
|a 1592537065 (pbk.)
|
| 020 |
|
|
|a 9781592534210 (pbk.)
|
| 090 |
0 |
0 |
|a NC1001
|b .H22 2008
|
| 100 |
1 |
|
|a Heller, Steven
|
| 245 |
1 |
4 |
|a The design entrepreneur :
|b turning graphic design into goods that sell
|c Steven Heller and Lita Talarico.
|
| 260 |
|
|
|a Beverly, Mass.:
|b Rockport Pub.,
|c 2008.
|
| 300 |
|
|
|a 240 p.:
|b col. ill.;
|c 26 cm.
|
| 490 |
0 |
|
|a Design field guides
|
| 650 |
0 |
0 |
|a Graphic arts --
|x Marketing
|
| 650 |
0 |
0 |
|a New business enterprises
|
| 650 |
0 |
0 |
|a Entrepreneurship
|
| 650 |
0 |
0 |
|a Commercial art --
|x Marketing
|
| 655 |
|
0 |
|a Electronic books
|
| 700 |
1 |
|
|a Talarico, Lita
|
| 856 |
4 |
2 |
|u http://library.unisel.edu.my/web/guest/mylibrary
|
| 997 |
|
|
|a Communication, Visual Art & Computing, Faculty
|b Visual Art, Department
|
| 998 |
|
|
|a Digital Graphic Design, Diploma
|
| 998 |
|
|
|a Digital Graphic Design, Degree
|
| 999 |
|
|
|a 0000002711
|b BOK
|c OPEN SHELF
|e 1st Floor, Bestari Jaya
|
| 999 |
|
|
|a 0000043989
|b BOK
|c OPEN SHELF
|e 1st Floor, Bestari Jaya
|
| 999 |
|
|
|a EBO0002812
|b EBOOK
|c EBOOK
|e Electronic resources
|